Los recursos procesales en el juicio arbitral
Saved in:
| Hovedforfatter: | |
|---|---|
| Format: | Bog |
| Sprog: | spansk |
| Udgivet: |
Santiago
Jurídica de Chile
1985
|
| Fag: | |
| Tags: |
Tilføj Tag
Ingen Tags, Vær først til at tagge denne postø!
|
MARC
| LEADER | 00000nam a2200000 a 4500 | ||
|---|---|---|---|
| 001 | UCV2047 | ||
| 003 | CL-VaPUC | ||
| 008 | 911003e19850000CL |||||||||||||||||spa|d | ||
| 082 | 0 | 4 | |a 347.09 |b ALI |2 21 |
| 100 | |a Aliaga Grez, Alvaro |e autor |9 296255 | ||
| 245 | 1 | 4 | |a Los recursos procesales en el juicio arbitral |
| 300 | |a 160 p | ||
| 942 | |c BK | ||
| 945 | |d 19911003 00:00:00 | ||
| 260 | |a Santiago |b Jurídica de Chile |c 1985 | ||
| 650 | 7 | |a RECURSOS DERECHO |2 CL-VaPUC |9 255421 | |
| 650 | 0 | |a Arbitraje y laudo |9 257189 | |
| 651 | 7 | |a CHILE |2 CL-VaPUC |9 296256 | |
| 583 | |a last modification |c 19911003 00:00:00 |k Rodrigo Vera | ||
| 999 | |c 209736 |d 209734 | ||
| 952 | |0 0 |1 0 |4 0 |6 347_090000000000000_ALI_1985 |7 0 |8 A |9 185424 |a BIBDER |b BIBDER |d 2019-11-14 |i 2529122 |o 347.09 ALI 1985 |p 2529122 |r 2023-01-25 |w 2019-11-14 |y BK |k DER | ||
| 952 | |0 0 |1 0 |4 0 |6 347_090000000000000_ALI_1985 |7 0 |8 A |9 185425 |a BIBDER |b BIBDER |d 2019-11-14 |i 2529130 |o 347.09 ALI 1985 |p 2529130 |r 2023-01-25 |w 2019-11-14 |y BK |k DER | ||